[Event "San Jose Metropolitano op-B 45th"]
[Site "San Jose"]
[Date "2024.12.29"]
[Round "8"]
[White "Alvarez Mora, Jorge Mario"]
[Black "Baquero Montoya, Carlos Alfonso"]
[Result "1-0"]
[WhiteElo "1822"]
[BlackElo "1879"]
[PlyCount "101"]
[EventDate "2024.12.26"]
[EventType "tourn"]
[EventRounds "9"]
[EventCountry "CRI"]
[SourceTitle "CB02_2025"]
[SourceDate "2025.01.08"]
[SourceVersion "1"]
[SourceVersionDate "2025.01.08"]
[SourceQuality "1"]

1. e4 e5 2. Nf3 Nc6 3. Bb5 d6 4. d4 Bd7 5. Nc3 exd4 6. Nxd4 a6 7. Nxc6 bxc6 8. Bc4 Nf6 9. 0-0 Be7 10. Re1 0-0 11. Bf4 Ne8 12. e5 d5 13. Bd3 Qc8 14. Qf3 Bf5 15. Bg5 Bxg5 16. Bxf5 Qd8 17. Rad1 g6 18. Bd3 Ng7 19. Qg4 Ne6 20. g3 h5 21. Qf3 Bh6 22. Qg2 Nc5 23. Bc4 Qc8 24. Bd3 Qe6 25. f4 Nxd3 26. cxd3 Rfb8 27. d4 Bf8 28. h3 Rb4 29. g4 Kh7 30. f5 gxf5 31. gxf5 Qxf5 32. Rf1 Qg6 33. Qxg6+ fxg6 34. Rf7+ Kh6 35. Rxc7 c5 36. dxc5 d4 37. Nd5 Rxb2 38. e6 Re8 39. e7 Bg7 40. Rd7 Re2 41. c6 Bf8 42. exf8Q+ Rxf8 43. Rf1 Rb8 44. Rf2 Rb1+ 45. Kg2 Re5 46. c7 Rc1 47. Rd8 d3 48. c8Q Rxc8 49. Rxc8 Rxd5 50. Rd2 Kg5 51. Rc3 1-0

[Event "San Jose Solidario Blitz op 1st"]
[Site "San Jose"]
[Date "2024.05.04"]
[Round "8"]
[White "Morera Campos, Hazel Maria"]
[Black "Alvarez Mora, Jorge Mario"]
[Result "1/2-1/2"]
[WhiteElo "1873"]
[BlackElo "1804"]
[PlyCount "125"]
[EventDate "2024.05.04"]
[EventType "swiss (blitz)"]
[EventRounds "9"]
[EventCountry "CRI"]
[SourceTitle "CBM 220 Extra"]
[Source "ChessBase"]
[SourceDate "2024.07.31"]
[SourceVersion "1"]
[SourceVersionDate "2024.07.31"]
[SourceQuality "1"]

1. e4 c5 2. Nc3 d6 3. g3 Nf6 4. Bg2 e6 5. d3 Be7 6. h3 Nc6 7. Be3 a6 8. f4 Qc7 9. Nf3 b5 10. 0-0 Bb7 11. Qd2 Nd7 12. Rae1 h6 13. f5 0-0-0 14. fxe6 fxe6 15. d4 cxd4 16. Nxd4 Nxd4 17. Bxd4 Nc5 18. Rf7 e5 19. Be3 Rdf8 20. Ref1 Qd8 21. b4 Ne6 22. Rxf8 Rxf8 23. Rxf8 Bxf8 24. a4 Bc6 25. axb5 axb5 26. Qd3 Kd7 27. Nxb5 Qb8 28. Na7 Bb7 29. b5 Be7 30. b6 Bf6 31. Qb5+ Ke7 32. Bf3 Nd4 33. Bxd4 exd4 34. Bg4 Qd8 35. Nc6+ Bxc6 36. Qxc6 d3 37. cxd3 Bd4+ 38. Kg2 Qxb6 39. Qd7+ Kf8 40. Qc8+ Ke7 41. Qd7+ Kf8 42. Qf5+ Ke7 43. Qe6+ Kf8 44. Qf5+ Ke7 45. Qd7+ Kf8 46. Qf5+ Ke7 47. Qf3 Qb2+ 48. Qe2 Qxe2+ 49. Bxe2 Kf6 50. Kf3 g5 51. Bd1 Ke5 52. Bb3 Kf6 53. Bd5 Bc5 54. Kg4 Ba3 55. Kh5 Kg7 56. g4 Bb2 57. h4 Bf6 58. d4 gxh4 59. e5 dxe5 60. dxe5 Bxe5 61. Kxh4 Bf6+ 62. Kh5 Bg5 63. Be6 1/2-1/2